| 000 | 00519nam a2200193 a 4500 | ||
|---|---|---|---|
| 001 | 924 | ||
| 003 | CO-ViMGA | ||
| 008 | 141112s2004 ck r 000 u spa d | ||
| 040 |
_aCO-ViMGA _bspa _cCO-ViMGA |
||
| 082 | 0 | 4 | _a539.77 K141 |
| 100 | 1 |
_aKahan, Theo _948900 |
|
| 245 | 1 | 0 |
_aLas particulas elementales : _bfísica de las altas energías |
| 260 |
_aBarcelona : _bOikos - tau, _c1970 |
||
| 300 | _a126 p | ||
| 490 | _aQue se?, 9 | ||
| 650 | 1 | 4 |
_aFISICA _94980 |
| 650 | 1 | 4 |
_aPARTICULAS(FISICA) _92792 |
| 942 |
_2ddc _cBK |
||
| 999 |
_c13151 _d13151 |
||